El pensamiento sociopolítico de Dorado Montero / (Record no. 34156)

MARC details
000 -LEADER
campo de control de longitud fija 00888nam a2200241 i 4500
001 - NÚMERO DE CONTROL
campo de control 34156
003 - IDENTIFICADOR DE NÚMERO DE CONTROL
campo de control ES-MaACL
005 - FECHA Y HORA DE LA ÚLTIMA TRANSACCIÓN
campo de control 20250405233715.0
007 - CAMPO FIJO DE DESCRIPCIÓN FÍSICA--INFORMACIÓN GENERAL
campo de control de longitud fija t|
008 - DATOS DE LONGITUD FIJA--INFORMACIÓN GENERAL
campo de control de longitud fija 030204s1982 sp ||||1| spa d
100 1# - ENTRADA PRINCIPAL--NOMBRE DE PERSONA
Nombre de persona Blanco Rodríguez, Juan Andrés.
9 (RLIN) 29287
245 13 - MENCIÓN DEL TÍTULO
Título El pensamiento sociopolítico de Dorado Montero /
Mención de responsabilidad, etc. Juan Andrés Blanco Rodríguez.
260 ## - PUBLICACIÓN, DISTRIBUCIÓN, ETC.
Lugar de publicación, distribución, etc. Salamanca :
Nombre del editor, distribuidor, etc. Centro de Estudios Salmantinos,
Fecha de publicación, distribución, etc. 1982.
300 ## - DESCRIPCIÓN FÍSICA
Extensión 158 p. ;
Dimensiones 25 cm.
490 1# - MENCIÓN DE SERIE
Mención de serie Publicaciones del Centro de Estudios Salmantinos.
-- A. Monografías ;
Designación de volumen o secuencia 36
500 ## - NOTA GENERAL
Nota general Índice.
504 ## - NOTA DE BIBLIOGRAFÍA, ETC.
Nota de bibliografía, etc. Bibliografía: p. 149-156.
600 14 - PUNTO DE ACCESO ADICIONAL DE MATERIA--NOMBRE DE PERSONA
Nombre de persona Dorado Montero, Pedro,
Fechas asociadas al nombre 1861-1919
9 (RLIN) 45376
710 2# - ENTRADA AGREGADA--NOMBRE DE ENTIDAD CORPORATIVA
Nombre de entidad corporativa o nombre de jurisdicción como elemento de entrada Centro de Estudios Salmantinos.
9 (RLIN) 2668
830 ## - PUNTO DE ACCESO ADICIONAL DE SERIE-TÍTULO UNIFORME
Título uniforme Publicaciones del Centro de Estudios Salmantinos.
-- A. Monografías ;
Designación de volumen o secuencia 36
9 (RLIN) 229479
852 ## - LOCALIZACIÓN
Ubicación ES-MaACL
Número de control de estantería L-2959
Holdings
Estatus retirado Estado de pérdida Estado de daño No para préstamo Biblioteca de origen Biblioteca actual Ubicación en estantería Fecha de adquisición Fuente de adquisición Total de préstamos Signatura topográfica completa Código de barras Visto por última vez Precio de reemplazo Tipo de ítem Koha
        Biblioteca del Ateneo de Madrid Biblioteca del Ateneo de Madrid Depósito 2 17/01/2008     L-2959 1035608 23/02/2023 23/02/2023 Libro impreso